| 000 | 01282cam a2200325 a 4500 | ||
|---|---|---|---|
| 001 | 9137895 | ||
| 005 | 20201124142206.0 | ||
| 008 | 070820s2007 enkk frb 001 0 eng d | ||
| 020 | _z0335220533 (pbk.) | ||
| 020 | _z0335220541 (hbk.) | ||
| 020 | _z9780335220533 (pbk.) | ||
| 020 | _z9780335220540 (hbk.) | ||
| 020 | _z9780335235179 | ||
| 040 |
_aCaPaEBR _cCaPaEBR _dEG-ScBUE |
||
| 082 | 0 | 4 |
_a302.2 _222 _bKEY |
| 245 | 0 | 0 |
_aKey themes in interpersonal communication : _bculture, identities and performance / _cAnne Hill ... [et al.] |
| 260 |
_aMaidenhead, England ; _aNew York : _bMcGraw Hill / Open University Press, _c2007. |
||
| 300 |
_a217 p. : _bforms ; _c23 cm. |
||
| 500 | _aIndex : p. 201-217. | ||
| 504 | _aBibliography : p. [190]-199. | ||
| 506 | _aAccess restricted by licensing agreement. | ||
| 533 |
_aElectronic reproduction. _bPalo Alto, Calif. : _cebrary, _d2009. _nAvailable via World Wide Web. _nAccess may be limited to ebrary affiliated libraries. |
||
| 590 | _aAccess is available to the Yale community. | ||
| 650 | 7 |
_aIdentity (Psychology) _2BUEsh _937892 |
|
| 650 | 7 |
_aInterpersonal communication _xSocial aspects. _2BUEsh _937893 |
|
| 653 |
_bCOMAME _cMay2015 |
||
| 655 |
_vreading book _934232 |
||
| 700 | 1 |
_aHill, Anne, _d1952- _937894 |
|
| 942 | _2ddc | ||
| 999 |
_c19326 _d19298 |
||